000 01200nam a2200313 i 4500
001 16716
003 ES-MaACL
005 20250902040134.0
007 t|
008 001026s1999 sp ||||1| spa d
080 _a364.69-21
080 _a613.86
080 _a364.69:616.89
100 1 _aOlabarría, Begoña,
_d1954-
_eaut
_986632
245 1 0 _aAtención primaria y salud mental comunitaria :
_bprogramas de intervención psicológica /
_cBegoña Olabarría
260 _aMadrid :
_bUniversidad Nacional de Educación a Distancia :
_bFundación Universidad Empresa,
_c1999
300 _a98 p. ;
_c25 cm.
490 1 _aCursos de postgrado en psicopatología y salud
_9228668
650 7 _aAtención primaria
_9241983
_2embne
650 7 _aSalud mental
_2embne
_916972
650 7 _aAsistencia psiquiátrica
_2embne
_9151738
710 2 _aUniversidad Nacional de Educación a Distancia (España)
_eedt
_97405
710 2 _aFundación Universidad-Empresa (Madrid)
_eedt
_94424
830 0 _aCursos de postgrado en psicopatología y salud
_9228668
852 4 _aES-MaACL
_bR.128774
_cDEPO2
_jL-23625
942 _2udc
_cMONOGRAFIA
_n0
999 _c16716
_d16716